000 00280nam a2200109Ia 4500
008 240126s9999 xx 000 0 und d
041 _aEnglish
245 0 _aFood & Beverage Business Research (2005 -
440 _aNULL
650 _aFood,Beverage,Business,Research
942 _cJN
999 _c250382
_d250382